000 00568nam a2200181Ia 4500
008 190427s9999 xx 000 0 und d
100 _aSun, Zhaohao
245 _aBig Data analytics service for enhancing business intelligence/
245 _cZhaohao Sun, Lizhe Sun, and Kenneth Strang.--
260 _bTaylor and Francis Group
260 _c2018
300 _apages 162-169, 2018
440 _aJournal of Computer Inforamation System
_v58(2)
650 _aBig data
650 _aBig data analytics
650 _aBusiness Intelligence
650 _aE-commerse
999 _c361722
_d361722